Statistiken für Strassenquiz Düsseldorf

Klicken Sie hier um das Quiz zu spielen!

Allgemein

  • Dieses Quiz wurde 13 mal gespielt
    (6 seit der letzten Aktualisierung)
  • Das Durchschnittsergebnis liegt bei 5 aus 14

Antwortstatistiken

Antwort% Korrekt
A52
80%
A44
60%
A46
60%
B1
60%
B7
40%
B8
40%
Heinrich-Heine-Allee
40%
Marc-Chagall-Strasse
40%
A57
20%
A59
20%
B326
0%
Brunnenstrasse
0%
Luegeallee
0%
Zietenstrasse
0%

Verteilung der Resultate

Perzentil nach korrekt beantworteten Fragen

Anzahl Personen mit jedem Resultat

Ihre Resultats-Entwicklung

Sie haben dieses Quiz seit der letzten Aktualisierung nicht gespielt